[Event "ODJM A 2019"]
[Site "Willingen GER"]
[Date "2019.06.09"]
[Round "1"]
[White "Mainka, Alwin"]
[Black "Bargsten, Justus"]
[Result "1/2-1/2"]
[Termination "normal"]
[Board "30"]
[WhiteElo "1833"]
[BlackElo "1980"]
[PlyCount "75"]
[WhiteFideId "16241177"]
[BlackFideId "12974188"]
[EventCountry "GER"]
[EventRounds "9"]
[EventType "swiss"]
[EventDate "2019.06.08"]

1. e4 c5 2. Nf3 Nc6 3. d4 cxd4 4. Nxd4 Nf6 5. Nc3 e5 6. Ndb5 d6 7. Bg5 a6 8.
Na3 b5 9. Nd5 Be7 10. Bxf6 Bxf6 11. Be2 Bg5 12. O-O O-O 13. Bf3 Be6 14. c3 Ne7
15. Nxe7+ Qxe7 16. Nc2 Rab8 17. Nb4 Rb6 18. Nd5 Bxd5 19. Qxd5 Rc8 20. Rfd1 g6
21. h3 Kg7 22. Qd3 a5 23. a4 bxa4 24. Rxa4 Rxb2 25. Rxa5 Rc6 26. Rd5 Qa7 27.
Rf1 Be7 28. c4 Ra6 29. c5 Raa2 30. cxd6 Rxf2 31. Kh1 Bh4 32. Rxf2 Qxf2 33. Qd1
Qb2 34. Qf1 Qb6 35. d7 Rf2 36. Qd1 Rb2 37. Qf1 Rf2 38. Qd1 1/2-1/2

[Event "ODJM A 2019"]
[Site "Willingen GER"]
[Date "2019.06.09"]
[Round "1"]
[White "Gorainow, Nikita"]
[Black "Schrepp, Florian"]
[Result "0-1"]
[Termination "normal"]
[Board "31"]
[WhiteElo "1923"]
[BlackElo "1922"]
[PlyCount "94"]
[WhiteFideId "12970093"]
[BlackFideId "16239709"]
[EventCountry "GER"]
[EventRounds "9"]
[EventType "swiss"]
[EventDate "2019.06.08"]

1. e4 g6 2. d4 Bg7 3. Nc3 d6 4. Be2 Nc6 5. Be3 e5 6. d5 Nce7 7. Qd2 f5 8. f3 f4
9. Bf2 g5 10. O-O-O h5 11. g3 Ng6 12. Bb5+ Kf7 13. Nge2 a6 14. Ba4 b5 15. Bb3
Bd7 16. gxf4 gxf4 17. Nb1 Bf6 18. c4 Bh4 19. Bg1 Bh3 20. Nec3 b4 21. Na4 Qg5
22. Bf2 Qg2 23. Bxh4 Qxd2+ 24. Nxd2 Nxh4 25. c5 Bg2 26. Rhg1 Bxf3 27. Rdf1 Bg4
28. Nc4 Rd8 29. Na5 Nf6 30. Nc6 Rd7 31. Bc2 Bh3 32. Rf2 Ng4 33. Rxg4 hxg4 34.
cxd6 cxd6 35. Nb6 Rc7 36. Nc4 Kg7 37. Nxd6 g3 38. hxg3 fxg3 39. Rd2 g2 40. Rd1
Nf3 41. Nc4 g1=Q 42. Rxg1+ Nxg1 43. N4xe5 Re8 44. Nc4 Rxc6 45. dxc6 Ne2+ 46.
Kd2 Nd4 47. Nd6 Re6 0-1

[Event "ODJM A 2019"]
[Site "Willingen GER"]
[Date "2019.06.09"]
[Round "1"]
[White "Zha, Kevin"]
[Black "Lohr, Maximilian"]
[Result "0-1"]
[Termination "normal"]
[Board "32"]
[WhiteElo "1764"]
[BlackElo "1981"]
[PlyCount "86"]
[WhiteFideId "16208951"]
[BlackFideId "12999717"]
[EventCountry "GER"]
[EventRounds "9"]
[EventType "swiss"]
[EventDate "2019.06.08"]

1. e4 c5 2. Nf3 d6 3. d4 cxd4 4. Nxd4 Nf6 5. Nc3 a6 6. Bc4 e6 7. Bb3 b5 8. O-O
Nbd7 9. Re1 Nc5 10. Bg5 Bb7 11. e5 dxe5 12. Rxe5 Bd6 13. Re1 Qc7 14. h3 O-O-O
15. Be3 Kb8 16. Qe2 h6 17. a4 b4 18. Na2 g5 19. Bc4 Nd5 20. Bxd5 Bxd5 21. Nxb4
Bb7 22. Ndc6+ Bxc6 23. Bxc5 Bb7 24. Bxd6 Rxd6 25. Rad1 Rhd8 26. Rxd6 Qxd6 27.
Nd3 Qc6 28. f4 gxf4 29. Nxf4 Qxa4 30. Nd3 Rg8 31. Qe5+ Ka8 32. Re2 Qc6 33. Nf4
Qb6+ 34. Kh2 Ka7 35. c3 Rg5 36. Qe3 Qxe3 37. Rxe3 e5 38. h4 exf4 39. hxg5 fxe3
40. gxh6 Be4 41. Kg3 Kb6 42. h7 Bxh7 43. Kf3 Kc5 0-1

[Event "ODJM A 2019"]
[Site "Willingen GER"]
[Date "2019.06.09"]
[Round "1"]
[White "Kolb, Tobias"]
[Black "Noever, Niklas"]
[Result "1/2-1/2"]
[Termination "normal"]
[Board "33"]
[WhiteElo "1915"]
[BlackElo "1762"]
[PlyCount "77"]
[WhiteFideId "12992321"]
[BlackFideId "12988642"]
[EventCountry "GER"]
[EventRounds "9"]
[EventType "swiss"]
[EventDate "2019.06.08"]

1. e4 c5 2. Nc3 Nc6 3. g3 g6 4. Bg2 Bg7 5. d3 e6 6. Be3 Nd4 7. Qd2 Ne7 8. Nd1
b6 9. c3 Ndc6 10. Bh6 Bxh6 11. Qxh6 Ne5 12. Qd2 Ba6 13. c4 O-O 14. Ne3 b5 15.
b3 N5c6 16. Ne2 e5 17. O-O Qa5 18. Qxa5 Nxa5 19. Nc3 Rab8 20. Ng4 f6 21. f4 h5
22. Ne3 Nac6 23. Ned5 b4 24. Nc7 Bxc4 25. dxc4 bxc3 26. Na6 Rbd8 27. Nxc5 Nd4
28. Rf2 d6 29. Nd3 Nec6 30. Ne1 Nb4 31. a3 Nxb3 32. Rb1 c2 33. Nxc2 Nxc2 34.
Rxb3 Nd4 35. Rb7 Rf7 36. Rfb2 Rdd7 37. Rb8+ Rf8 38. R8b7 Rff7 39. Rb8+ 1/2-1/2

[Event "ODJM A 2019"]
[Site "Willingen GER"]
[Date "2019.06.09"]
[Round "1"]
[White "Hagenbeck-Hübert, Lara"]
[Black "Leser, Katrin"]
[Result "1/2-1/2"]
[Termination "normal"]
[Board "34"]
[WhiteElo "1861"]
[BlackElo "2036"]
[PlyCount "65"]
[WhiteFideId "12964484"]
[BlackFideId "12997692"]
[EventCountry "GER"]
[EventRounds "9"]
[EventType "swiss"]
[EventDate "2019.06.08"]

1. d4 Nf6 2. Bf4 d5 3. Nf3 e6 4. e3 c5 5. c3 Nc6 6. Nbd2 Bd6 7. Bg3 O-O 8. Bd3
b6 9. O-O Bb7 10. Bh4 Be7 11. Ne5 Nxe5 12. dxe5 Ne4 13. Bxe7 Qxe7 14. f4 Rad8
15. Qc2 Nxd2 16. Qxd2 f6 17. Qc2 f5 18. Rad1 c4 19. Be2 Bc6 20. Bf3 b5 21. Qd2
a5 22. Qd4 Rb8 23. Rb1 Rb7 24. b4 Ra8 25. a3 Rba7 26. Rf2 axb4 27. axb4 Ra3 28.
g4 Qf7 29. g5 Qb7 30. h4 g6 31. h5 Qa6 32. h6 Qa7 33. Rc1 1/2-1/2

[Event "ODJM A 2019"]
[Site "Willingen GER"]
[Date "2019.06.09"]
[Round "1"]
[White "Askerov, Imamali"]
[Black "Dornieden, Jonas"]
[Result "1/2-1/2"]
[Termination "normal"]
[Board "35"]
[WhiteElo "1986"]
[BlackElo "1864"]
[PlyCount "91"]
[WhiteFideId "12974498"]
[BlackFideId "1336460"]
[EventCountry "GER"]
[EventRounds "9"]
[EventType "swiss"]
[EventDate "2019.06.08"]

1. e4 c6 2. d4 d5 3. Nc3 dxe4 4. Nxe4 Bf5 5. Ng3 Bg6 6. N1e2 Nf6 7. Nf4 e5 8.
dxe5 Qa5+ 9. c3 Qxe5+ 10. Be2 Be7 11. O-O O-O 12. Qb3 Qc7 13. Re1 Bd6 14. Nxg6
hxg6 15. Bf3 Nbd7 16. Bg5 Rae8 17. Qa4 Nc5 18. Qh4 Nh7 19. Be3 a6 20. Rad1 Re6
21. b4 Nd7 22. Ne4 Be7 23. Qh3 Ne5 24. Bf4 Nxf3+ 25. Qxf3 Qc8 26. Re3 Nf6 27.
Ng5 Rxe3 28. Qxe3 Rd8 29. Re1 Nd5 30. Qf3 Qf5 31. Nh3 g5 32. Bxg5 Qxf3 33. gxf3
Bxg5 34. Nxg5 Nxc3 35. Re7 Nxa2 36. Rxb7 f6 37. Ne6 Rd6 38. Nxg7 Nxb4 39. h4
Nd5 40. Nf5 Re6 41. h5 c5 42. h6 Re5 43. Ng3 c4 44. f4 Nxf4 45. Rc7 Nh5 46.
Rxc4 1/2-1/2

[Event "ODJM A 2019"]
[Site "Willingen GER"]
[Date "2019.06.09"]
[Round "1"]
[White "Behringer, Tom"]
[Black "Paeslack, Luis"]
[Result "1-0"]
[Termination "normal"]
[Board "36"]
[WhiteElo "1766"]
[BlackElo "2014"]
[PlyCount "63"]
[WhiteFideId "16203496"]
[BlackFideId "12987760"]
[EventCountry "GER"]
[EventRounds "9"]
[EventType "swiss"]
[EventDate "2019.06.08"]

1. e4 c5 2. Nf3 Nc6 3. Bb5 g6 4. O-O Bg7 5. c3 Nf6 6. e5 Nd5 7. d4 cxd4 8. cxd4
O-O 9. Nc3 Nxc3 10. bxc3 d6 11. Re1 Bg4 12. h3 Bxf3 13. Qxf3 dxe5 14. Bxc6 bxc6
15. dxe5 Qa5 16. Bf4 Qd5 17. Qe2 Rfd8 18. Rad1 Qe6 19. Qa6 Qf5 20. Qc4 Rxd1 21.
Rxd1 Bxe5 22. Qxc6 Rb8 23. Bxe5 Qxe5 24. a4 Qe2 25. Qd5 Rc8 26. Rd2 Qa6 27. Qb3
Qc6 28. Rd3 e6 29. Qb5 Qc4 30. Rd8+ Kg7 31. Qe5+ Kh6 32. Rd4 1-0

[Event "ODJM A 2019"]
[Site "Willingen GER"]
[Date "2019.06.09"]
[Round "1"]
[White "Beesk, Kevin"]
[Black "Flach, Helene"]
[Result "1-0"]
[Termination "normal"]
[Board "37"]
[WhiteElo "1935"]
[BlackElo "1829"]
[PlyCount "77"]
[WhiteFideId "1271882"]
[BlackFideId "12929735"]
[EventCountry "GER"]
[EventRounds "9"]
[EventType "swiss"]
[EventDate "2019.06.08"]

1. d4 d5 2. Bf4 Nf6 3. e3 e6 4. c3 c5 5. Nd2 Nc6 6. Bd3 a6 7. Ngf3 b6 8. Ne5
Nxe5 9. dxe5 Nd7 10. Nf3 Be7 11. h4 Bb7 12. Qe2 b5 13. Rd1 Qa5 14. O-O h6 15.
h5 Qc7 16. Bc2 a5 17. Rd2 b4 18. Rfd1 Ba6 19. Qe1 Nb6 20. e4 bxc3 21. bxc3 Rd8
22. Bg3 Nc4 23. Ba4+ Kf8 24. exd5 Nxd2 25. Rxd2 Bg5 26. d6 Qb7 27. Rd1 Bc4 28.
Bh4 Bxh4 29. Nxh4 Bxa2 30. Qe3 Qb6 31. g4 Bd5 32. g5 Bc6 33. Bc2 Qa7 34. g6 Be8
35. Qf4 Kg8 36. Ba4 Bxa4 37. Qxa4 Rd7 38. Rb1 Rd8 39. Qc6 1-0

[Event "ODJM A 2019"]
[Site "Willingen GER"]
[Date "2019.06.09"]
[Round "1"]
[White "Yaroshenko, Yaroslav"]
[Black "Schilay, Lorenz"]
[Result "1/2-1/2"]
[Termination "normal"]
[Board "38"]
[WhiteElo "1761"]
[BlackElo "1888"]
[PlyCount "87"]
[WhiteFideId "16204905"]
[BlackFideId "12930180"]
[EventCountry "GER"]
[EventRounds "9"]
[EventType "swiss"]
[EventDate "2019.06.08"]

1. e4 e5 2. Nf3 Nc6 3. d4 exd4 4. Bc4 Nf6 5. O-O Nxe4 6. Re1 d5 7. Bxd5 Qxd5 8.
Nc3 Qa5 9. Nxe4 Be6 10. Neg5 O-O-O 11. Nxe6 fxe6 12. Rxe6 Bd6 13. Bg5 Rde8 14.
Qe1 Qxe1+ 15. Raxe1 Kd7 16. Rxe8 Rxe8 17. Rxe8 Kxe8 18. Kf1 Kf7 19. Bd2 h6 20.
Ke2 Ke6 21. Kd3 Kd5 22. a3 b5 23. c3 Ne5+ 24. Nxe5 Bxe5 25. f4 dxc3 26. Bxc3
Bxc3 27. bxc3 a5 28. g4 Ke6 29. Kd4 Kd6 30. h4 c5+ 31. Kd3 Ke6 32. h5 Kd6 33.
g5 Ke6 34. Ke4 b4 35. cxb4 cxb4 36. axb4 axb4 37. gxh6 gxh6 38. Kd4 Kf5 39. Kc4
Kxf4 40. Kxb4 Kg4 41. Kc3 Kxh5 42. Kd2 Kg4 43. Ke2 Kg3 44. Kf1 1/2-1/2

[Event "ODJM A 2019"]
[Site "Willingen GER"]
[Date "2019.06.09"]
[Round "1"]
[White "Uhlendorff, Luca"]
[Black "Muckle, Richard"]
[Result "1/2-1/2"]
[Termination "normal"]
[Board "40"]
[WhiteElo "1735"]
[BlackElo "2057"]
[PlyCount "77"]
[WhiteFideId "16221923"]
[BlackFideId "12942553"]
[EventCountry "GER"]
[EventRounds "9"]
[EventType "swiss"]
[EventDate "2019.06.08"]

1. d4 d5 2. Bf4 e6 3. e3 Bd6 4. Bg3 Nf6 5. c3 Ne4 6. Nd2 Nxg3 7. hxg3 b6 8. Bd3
h6 9. f4 Nd7 10. Ngf3 Bb7 11. Ne5 Bxe5 12. fxe5 Qg5 13. Qf3 O-O-O 14. a4 Rdf8
15. Qf4 Qe7 16. Qh4 f6 17. g4 g5 18. exf6 Qd6 19. Qh2 Nxf6 20. Qxd6 cxd6 21.
Be2 Kb8 22. a5 Bc8 23. axb6 axb6 24. c4 Bb7 25. Bf3 e5 26. dxe5 dxe5 27. cxd5
Bxd5 28. Bxd5 Nxd5 29. Ke2 Nf6 30. Ra4 Kb7 31. Rha1 Ra8 32. Rxa8 Rxa8 33. Rxa8
Kxa8 34. Kf3 Kb7 35. Ne4 Ne8 36. Ng3 Nf6 37. Ne4 Ne8 38. Ng3 Nf6 39. Ne4
1/2-1/2

[Event "ODJM A 2019"]
[Site "Willingen GER"]
[Date "2019.06.09"]
[Round "1"]
[White "Teichert, Felix"]
[Black "Klugstedt, Vincent C."]
[Result "1-0"]
[Termination "normal"]
[Board "41"]
[WhiteElo "2027"]
[BlackElo "1827"]
[PlyCount "71"]
[WhiteFideId "12987670"]
[BlackFideId "16216393"]
[EventCountry "GER"]
[EventRounds "9"]
[EventType "swiss"]
[EventDate "2019.06.08"]

1. e4 c5 2. Nf3 Nc6 3. Bb5 g6 4. O-O Bg7 5. c3 Nf6 6. Re1 O-O 7. h3 d6 8. d3
Bd7 9. Nbd2 Qc7 10. Nf1 a6 11. Ba4 e6 12. Be3 Ne7 13. Bb3 Rfd8 14. Qe2 Bc6 15.
Rad1 d5 16. e5 Nd7 17. Bg5 Re8 18. N1h2 h6 19. Bf4 b5 20. Qd2 Kh7 21. Ng4 Nf5
22. Nf6+ Bxf6 23. exf6 Qb7 24. d4 Nxf6 25. g4 Ne4 26. Qc1 Nfd6 27. Bxh6 cxd4
28. cxd4 Nc4 29. Ng5+ Nxg5 30. Bxg5 Qc7 31. Bf6 Qd6 32. Bc2 Qf8 33. b3 Nd6 34.
Re5 Nf5 35. gxf5 gxf5 36. Rxf5 1-0

[Event "ODJM A 2019"]
[Site "Willingen GER"]
[Date "2019.06.09"]
[Round "1"]
[White "Fistoul, Boris"]
[Black "Jenner, Meikel"]
[Result "1-0"]
[Termination "normal"]
[Board "43"]
[WhiteElo "1918"]
[BlackElo "1797"]
[PlyCount "87"]
[WhiteFideId "12953962"]
[BlackFideId "16245342"]
[EventCountry "GER"]
[EventRounds "9"]
[EventType "swiss"]
[EventDate "2019.06.08"]

1. d4 Nf6 2. c4 e6 3. Nc3 Bb4 4. f3 d5 5. Bg5 c5 6. cxd5 Qxd5 7. Bxf6 gxf6 8.
a3 Bxc3+ 9. bxc3 Nc6 10. e4 Qg5 11. Kf2 Ke7 12. h4 Qh6 13. Bb5 Rd8 14. Bxc6
bxc6 15. Qa4 Bd7 16. dxc5 Rab8 17. Rd1 Qh5 18. Ne2 Qxc5+ 19. Qd4 Qxd4+ 20. cxd4
Rb3 21. Rb1 Rdb8 22. Rxb3 Rxb3 23. Ra1 Kd6 24. Kg3 Re3 25. Nf4 e5 26. dxe5+
fxe5 27. Rd1+ Ke7 28. Nd3 Re2 29. Nxe5 Be8 30. Rd3 f6 31. Nc4 Bd7 32. Ne3 Ra2
33. Kf4 h5 34. Rc3 Kf7 35. g3 Kg6 36. Nf5 a5 37. Ne7+ Kf7 38. Nxc6 Bxc6 39.
Rxc6 Rxa3 40. Ra6 a4 41. g4 hxg4 42. Kxg4 Ra1 43. e5 a3 44. Kf5 1-0

[Event "ODJM A 2019"]
[Site "Willingen GER"]
[Date "2019.06.09"]
[Round "1"]
[White "Kratz, Alexander"]
[Black "Grund, Sebastian"]
[Result "0-1"]
[Termination "normal"]
[Board "44"]
[WhiteElo "1741"]
[BlackElo "2051"]
[PlyCount "103"]
[WhiteFideId "16228529"]
[BlackFideId "12988626"]
[EventCountry "GER"]
[EventRounds "9"]
[EventType "swiss"]
[EventDate "2019.06.08"]

1. e4 c5 2. Nf3 Nc6 3. Bb5 g6 4. O-O Bg7 5. Re1 e5 6. Bxc6 dxc6 7. d3 Ne7 8.
Be3 b6 9. a4 O-O 10. Nbd2 Qc7 11. Nc4 Be6 12. Qe2 h6 13. a5 Rfd8 14. Reb1 b5
15. Ncd2 Qd6 16. Rd1 f5 17. Nb3 Bxb3 18. cxb3 f4 19. Bd2 g5 20. Rac1 Ng6 21.
Ne1 Nf8 22. Rc3 Ne6 23. Rdc1 Nd4 24. Qh5 Ne6 25. b4 c4 26. Qg6 Rf8 27. Qh5 Rad8
28. Qg4 Nd4 29. dxc4 f3 30. Rd3 Ne2+ 31. Kf1 Qxd3 32. Nxd3 Nxc1 33. Qe6+ Kh8
34. Nxe5 Bxe5 35. Qxe5+ Kh7 36. Qe7+ Kg6 37. gxf3 Rfe8 38. Qc5 Rxd2 39. Qxc6+
Kf7 40. Qxh6 Rd1+ 41. Kg2 Ne2 42. Qh7+ Ke6 43. Qf5+ Kd6 44. Qc5+ Kd7 45. Qxb5+
Kc7 46. Qc5+ Kd8 47. Qxg5+ Re7 48. Kh3 Rg1 49. Qd5+ Rd7 50. Qf5 Nf4+ 51. Kh4
Ng6+ 52. Kh3 0-1

[Event "ODJM A 2019"]
[Site "Willingen GER"]
[Date "2019.06.09"]
[Round "1"]
[White "Schlick, Stefan"]
[Black "Struck, Lasse"]
[Result "1-0"]
[Termination "normal"]
[Board "45"]
[WhiteElo "2017"]
[BlackElo "1770"]
[PlyCount "81"]
[WhiteFideId "16211332"]
[BlackFideId "16255623"]
[EventCountry "GER"]
[EventRounds "9"]
[EventType "swiss"]
[EventDate "2019.06.08"]

1. d4 Nf6 2. c4 e6 3. Nc3 Bb4 4. Qc2 O-O 5. e4 d5 6. e5 Ne4 7. a3 Bxc3+ 8. bxc3
c5 9. Bb2 Nc6 10. Bd3 f5 11. exf6 Nxf6 12. Nf3 b6 13. O-O Ba6 14. Ng5 dxc4 15.
Bxh7+ Kh8 16. Nxe6 Qd7 17. Nf4 Qg4 18. Bc1 Nxh7 19. Ng6+ Qxg6 20. Qxg6 Rf6 21.
Qe4 cxd4 22. cxd4 Raf8 23. Be3 Bc8 24. d5 Na5 25. Rfe1 Bf5 26. Qe5 Bd3 27. Qc3
R6f7 28. Bd4 Ng5 29. f3 Nb3 30. Rad1 Nxd4 31. Qxd4 Rf4 32. Qe5 R4f5 33. Qe7
R8f7 34. Qd8+ Kh7 35. h4 Nxf3+ 36. gxf3 Rxf3 37. Re5 Bg6 38. h5 Bd3 39. Re8 Kh6
40. Rxd3 Rf1+ 41. Kg2 1-0

[Event "ODJM A 2019"]
[Site "Willingen GER"]
[Date "2019.06.09"]
[Round "2"]
[White "Korten, Lando"]
[Black "Holtel, Jasper"]
[Result "1/2-1/2"]
[Termination "normal"]
[Board "1"]
[BlackTitle "FM"]
[WhiteElo "2127"]
[BlackElo "2272"]
[WhiteClock "00:14:00"]
[BlackClock "00:07:16"]
[PlyCount "58"]
[WhiteFideId "12989606"]
[BlackFideId "12956376"]
[EventCountry "GER"]
[EventRounds "9"]
[EventType "swiss"]
[EventDate "2019.06.08"]

1. d4 Nf6 2. c4 g6 3. Nc3 d5 4. cxd5 Nxd5 5. e4 Nxc3 6. bxc3 Bg7 7. Qa4+ Nd7 8.
Nf3 O-O 9. Be3 c5 10. Rd1 cxd4 11. cxd4 Nb6 12. Qb3 Qd6 13. Be2 Bd7 14. Bb5
Bxb5 15. Qxb5 Rfc8 16. O-O Qa3 17. d5 Qb2 18. Rb1 Qxa2 19. Bxb6 axb6 20. Qxb6
Rab8 21. h4 Qc4 22. Rb4 Qc5 23. Rd1 Bc3 24. Rb5 Qxb6 25. Rxb6 Rc7 26. Rdb1 Kf8
27. Kh2 Rc4 28. e5 Rc7 29. R1b3 Rd8 1/2-1/2

[Event "ODJM A 2019"]
[Site "Willingen GER"]
[Date "2019.06.09"]
[Round "2"]
[White "Doll, Alexander"]
[Black "Oberhofer, Cedric"]
[Result "1-0"]
[Termination "normal"]
[Board "3"]
[WhiteElo "1991"]
[BlackElo "2243"]
[WhiteClock "00:14:59"]
[BlackClock "00:32:07"]
[PlyCount "91"]
[WhiteFideId "16228294"]
[BlackFideId "12941220"]
[EventCountry "GER"]
[EventRounds "9"]
[EventType "swiss"]
[EventDate "2019.06.08"]

1. e4 {[%clk 1:30:58]} 1... c5 {[%clk 1:30:52]} 2. Nf3 {[%clk 1:31:24]} 2... d6
{[%clk 1:31:14]} 3. d4 {[%clk 1:31:35]} 3... cxd4 {[%clk 1:31:38]} 4. Nxd4 {
[%clk 1:32:01]} 4... Nf6 {[%clk 1:32:04]} 5. Nc3 {[%clk 1:32:26]} 5... a6 {
[%clk 1:32:31]} 6. Be3 {[%clk 1:32:13]} 6... e5 {[%clk 1:32:18]} 7. Nb3 { [%clk
1:31:15]} 7... Be6 {[%clk 1:31:33]} 8. f3 {[%clk 1:29:22]} 8... Be7 { [%clk
1:30:09]} 9. Qd2 {[%clk 1:27:56]} 9... O-O {[%clk 1:29:14]} 10. O-O-O { [%clk
1:28:17]} 10... a5 {[%clk 1:29:28]} 11. a4 {[%clk 1:26:57]} 11... Nc6 { [%clk
1:25:02]} 12. Kb1 {[%clk 1:25:23]} 12... Nb4 {[%clk 1:24:36]} 13. g4 { [%clk
1:22:14]} 13... Rc8 {[%clk 1:16:10]} 14. h4 14... Nd7 {[%clk 1:02:06]} 15. Qf2
{[%clk 1:06:57]} 15... Qc7 {[%clk 0:55:09]} 16. g5 {[%clk 0:57:21]} 16... Bd8
{[%clk 0:43:25]} 17. Bh3 {[%clk 0:50:36]} 17... Qc6 {[%clk 0:37:14]} 18. g6
{[%clk 0:44:55]} 18... Bxh3 {[%clk 0:32:55]} 19. gxh7+ {[%clk 0:42:27]} 19...
Kh8 {[%clk 0:33:20]} 20. Rxh3 {[%clk 0:42:52]} 20... Nf6 {[%clk 0:33:22]} 21.
Rg1 {[%clk 0:31:03]} 21... Nh5 {[%clk 0:31:30]} 22. Qe2 {[%clk 0:25:14]} 22...
Bb6 {[%clk 0:23:08]} 23. Rd1 {[%clk 0:23:32]} 23... Rfe8 {[%clk 0:18:01]} 24.
Rh2 {[%clk 0:21:52]} 24... Rcd8 {[%clk 0:14:18]} 25. Bxb6 {[%clk 0:20:29]}
25... Qxb6 {[%clk 0:14:45]} 26. Qb5 {[%clk 0:20:03]} 26... Qe3 {[%clk 0:08:49]}
27. Nxa5 {[%clk 0:15:03]} 27... Nc6 {[%clk 0:07:37]} 28. Nxc6 {[%clk 0:08:57]}
28... bxc6 {[%clk 0:08:01]} 29. Qxc6 {[%clk 0:09:03]} 29... Rb8 {[%clk 0:06:40]
} 30. Nb5 {[%clk 0:08:30]} 30... Qxf3 {[%clk 0:06:24]} 31. Rhd2 {[%clk 0:07:50]
} 31... Rec8 {[%clk 0:05:00]} 32. Qxd6 {[%clk 0:06:26]} 32... Qxe4 { [%clk
0:05:11]} 33. b3 {[%clk 0:06:18]} 33... Nf4 {[%clk 0:04:15]} 34. Qe7 { [%clk
0:04:59]} 34... Rf8 {[%clk 0:02:46]} 35. Kb2 {[%clk 0:03:58]} 35... Kxh7 {[%clk
0:02:59]} 36. Nd6 {[%clk 0:04:08]} 36... Qxa4 {[%clk 0:01:48]} 37. Qxf8 {[%clk
0:04:20]} 37... Qb4 {[%clk 0:00:56]} 38. Qe7 {[%clk 0:03:16]} 38... Ra8 {[%clk
0:01:13]} 39. Nf5 {[%clk 0:03:37]} 39... Qa5 {[%clk 0:01:26]} 40. c4 { [%clk
0:02:06]} 40... Ne2 {[%clk 0:01:04]} 41. Rxe2 {[%clk 0:25:23]} 41... Qa2+
{[%clk 0:31:29]} 42. Kc3 {[%clk 0:25:48]} 42... Qxe2 {[%clk 0:31:52]} 43. Qxf7
{[%clk 0:25:03]} 43... Rg8 {[%clk 0:32:17]} 44. Rd2 {[%clk 0:18:15]} 44... Qf3+
{[%clk 0:32:02]} 45. Kb2 {[%clk 0:16:53]} 45... e4 {[%clk 0:32:07]} 46. Nd6 {
[%clk 0:14:59]} 1-0

[Event "ODJM A 2019"]
[Site "Willingen GER"]
[Date "2019.06.09"]
[Round "2"]
[White "Brunner, Tobias"]
[Black "Hesse, Henrik"]
[Result "1/2-1/2"]
[Termination "normal"]
[Board "4"]
[WhiteElo "2017"]
[BlackElo "2166"]
[WhiteClock "00:31:24"]
[BlackClock "00:16:23"]
[PlyCount "53"]
[WhiteFideId "12949833"]
[BlackFideId "12952060"]
[EventCountry "GER"]
[EventRounds "9"]
[EventType "swiss"]
[EventDate "2019.06.08"]

1. e4 {[%clk 1:30:56]} 1... e5 {[%clk 1:30:10]} 2. Nf3 {[%clk 1:30:55]} 2...
Nf6 {[%clk 1:30:31]} 3. Nc3 {[%clk 1:29:36]} 3... Nc6 {[%clk 1:30:07]} 4. Bb5 {
[%clk 1:27:34]} 4... d6 {[%clk 1:23:38]} 5. h3 {[%clk 1:25:12]} 5... Be7 {
[%clk 1:18:42]} 6. d3 {[%clk 1:22:48]} 6... h6 {[%clk 1:16:15]} 7. Be3 { [%clk
1:21:59]} 7... Bd7 {[%clk 1:10:43]} 8. Qd2 {[%clk 1:19:30]} 8... a6 { [%clk
1:10:11]} 9. Bxc6 {[%clk 1:19:20]} 9... Bxc6 {[%clk 1:08:15]} 10. Ne2 { [%clk
1:18:25]} 10... Bf8 {[%clk 1:00:02]} 11. Ng3 {[%clk 1:16:59]} 11... g6 { [%clk
0:58:00]} 12. O-O {[%clk 1:15:42]} 12... Bg7 {[%clk 0:57:53]} 13. c4 { [%clk
1:13:56]} 13... Qe7 {[%clk 0:56:14]} 14. a4 {[%clk 1:08:46]} 14... a5 { [%clk
0:50:47]} 15. Nh2 {[%clk 0:58:57]} 15... Nd7 {[%clk 0:39:50]} 16. b3 { [%clk
0:52:05]} 16... Nc5 {[%clk 0:37:06]} 17. Rab1 {[%clk 0:46:40]} 17... Ne6 {[%clk
0:35:37]} 18. Ne2 {[%clk 0:40:08]} 18... Bd7 {[%clk 0:34:03]} 19. f4 { [%clk
0:38:57]} 19... exf4 {[%clk 0:34:26]} 20. Nxf4 {[%clk 0:39:15]} 20... Nxf4
{[%clk 0:34:46]} 21. Bxf4 {[%clk 0:39:17]} 21... g5 {[%clk 0:33:42]} 22. Bg3
{[%clk 0:37:47]} 22... O-O {[%clk 0:33:20]} 23. Rbe1 {[%clk 0:37:43]} 23... b6
{[%clk 0:28:06]} 24. d4 {[%clk 0:34:15]} 24... Rae8 {[%clk 0:23:44]} 25. e5
{[%clk 0:32:59]} 25... dxe5 {[%clk 0:23:10]} 26. Bxe5 {[%clk 0:32:39]} 26...
Bxe5 {[%clk 0:16:23]} 27. Rxe5 {[%clk 0:31:24]} 1/2-1/2